| 000 | 00856nam a2200205Ia 4500 | ||
|---|---|---|---|
| 999 |
_c37979 _d37979 |
||
| 001 | 3962 | ||
| 003 | GE_BSU | ||
| 005 | 20190917122716.0 | ||
| 008 | 181216s1973||||ge |||||||||||||| ||geo|| | ||
| 040 | _cGE_BSU | ||
| 080 | _a32.001 მ–97 | ||
| 100 |
_aმშვენიერაძე, ვლადიმერ _94054 |
||
| 245 |
_aანტიკომუნიზმი იმპერიალიზმის პოლიტიკა და იდეოლოგია / _cრედ. ვ. პეტრიაშვილი. |
||
| 264 |
_aთბ. : _bსაბჭ. საქართველო, _c1973. |
||
| 300 |
_a152 გვ. ; _b20 სმ. |
||
| 653 | _aანტიკომუნიზმი | ||
| 653 | _aპოლიტიკა | ||
| 700 |
_aპეტრიაშვილი, ვ. _eრედაქტორი _94055 |
||
| 942 |
_cBK _2udc |
||